The challenge of effective writing (Record no. 59424)
[ view plain ]
| 000 -LEADER | |
|---|---|
| fixed length control field | 00765nam a22002297a 4500 |
| 005 - DATE AND TIME OF LATEST TRANSACTION | |
| control field | 20221124095434.0 |
| 040 ## - CATALOGING SOURCE | |
| Transcribing agency | URS |
| 050 ## - LIBRARY OF CONGRESS CALL NUMBER | |
| Classification number | PE 1408 C43 2002 |
| 245 ## - TITLE STATEMENT | |
| Title | The challenge of effective writing |
| Statement of responsibility, etc | Lourdes A. Dagdag [et al.] |
| 260 ## - PUBLICATION, DISTRIBUTION, ETC. (IMPRINT) | |
| Place of publication, distribution, etc | Valenzuela City |
| Name of publisher, distributor, etc | Mega-Jesta Prints, Inc. |
| Date of publication, distribution, etc | 2002 |
| 336 ## - CONTENT TYPE | |
| Source | rdacontent |
| Content type term | text |
| Content type code | txt |
| 337 ## - MEDIA TYPE | |
| Source | rdamedia |
| Media type term | unmediated |
| Media type code | n |
| 338 ## - CARRIER TYPE | |
| Source | rdacarrier |
| Carrier type term | volume |
| Carrier type code | nc |
| 650 #0 - SUBJECT ADDED ENTRY--TOPICAL TERM | |
| 9 (RLIN) | 388 |
| Topical term or geographic name as entry element | English language |
| General subdivision | Rhetoric. |
| 700 ## - ADDED ENTRY--PERSONAL NAME | |
| 9 (RLIN) | 3043 |
| Personal name | Dagdag, Lourdes A. |
| Relator term | author |
| 700 ## - ADDED ENTRY--PERSONAL NAME | |
| 9 (RLIN) | 3044 |
| Personal name | Ranin, Virginia A. |
| Relator term | author |
| 700 ## - ADDED ENTRY--PERSONAL NAME | |
| 9 (RLIN) | 3045 |
| Personal name | Padilla, Mely M. |
| Relator term | author |
| 700 ## - ADDED ENTRY--PERSONAL NAME | |
| 9 (RLIN) | 3046 |
| Personal name | Esguerra, Araceli V. |
| Relator term | author |
| 700 ## - ADDED ENTRY--PERSONAL NAME | |
| 9 (RLIN) | 3047 |
| Personal name | Roxas, Flordeliz R. |
| Relator term | author |
| 700 ## - ADDED ENTRY--PERSONAL NAME | |
| 9 (RLIN) | 3048 |
| Personal name | Buluran, Cristina C. |
| Relator term | author |
| 942 ## - ADDED ENTRY ELEMENTS (KOHA) | |
| Source of classification or shelving scheme | Library of Congress Classification |
| Koha item type | Filipiniana |
| Withdrawn status | Lost status | Source of classification or shelving scheme | Damaged status | Not for loan | Home library | Current library | Shelving location | Date acquired | Total Checkouts | Full call number | Barcode | Date last seen | Price effective from | Koha item type |
|---|---|---|---|---|---|---|---|---|---|---|---|---|---|---|
| Library of Congress Classification | Binangonan College Library | Binangonan College Library | Filipiniana Section | 11/24/2022 | PE 1408 C43 2002 | URSBIN-2623 | 11/24/2022 | 11/24/2022 | Filipiniana | |||||
| Library of Congress Classification | Binangonan College Library | Binangonan College Library | Filipiniana Section | 12/07/2022 | PE 1408 C43 2002 | URSBIN-2624 | 12/07/2022 | 12/07/2022 | Filipiniana |